000 01891cam a22005054i 4500
003 PE-LiUPU
005 20250731165506.0
008 150623s r 000 0 d
020 _a9004100768
035 _a(Sirsi) i9789004100763
040 _aPE-LiUPU
_bspa
_cPE-LiUPU
_erda
049 _aPRUA
082 0 4 _a492.4321d
_bK71
_221
100 1 _aKöhler, Ludwig,
_d1880-1956,
_eautor.
245 1 4 _aThe Hebrew and Aramaic lexicon of the Old Testament.
_n4 /
_cLudwig Koehler y Walter Baumgartner ; revisado por Walter Baumgartner y Johann Jakob Stamm ; con assistencia de Benedikt Hartmann .. [et al.].
264 1 _aLeiden, The Netherlands :
_bBrill,
_c1999.
300 _a1365-1803 páginas ;
_c25 centímetros
336 _atext
_2rdacontent
337 _aunmediated
_2rdamedia
338 _avolume
_2rdacarrier
505 0 _aThe Hebrew and Aramaic lexicon of the Old Testament.
526 _aSEG44
526 _aSEG26
526 _aP151
526 _aP150
526 _aP149
526 _aP146
526 _aP145
526 _aP126
526 _aP125
526 _aP92
526 _aP75
526 _aP74
526 _aP27
526 _aP15
650 0 4 _aArameo
_vDiccionarios
_xInglés.
650 0 4 _aHebreo
_vDiccionarios
_xInglés.
700 1 _aWalter Baumgartner,
_eautor.
942 _2ddc
_cBOOK
949 _aRC 492.4321D K71 4
_wDEWEY
_c1
_i47220
_d2015-10-20
_lCCODEBUL1
_mBUL
_q1
_r0
_sY
_tBOOK
_u2015-6-24
_xTEOLOGIA
_PP35
_0COMPRA
_o.CIRCNOTE. No olvidar cambiar la fecha de devolución!!!!!!!
_o.STAFF. Colección General
994 _aC0
_bPEPRU
596 _a1
999 _aRC 492.4321D K71 4
_wDEWEY
_c23769
_i47220
_d23769
_f2021-11-8
_g5
_lCCODEBUL1
_mBUL
_q7
_r1
_sY
_tBOOK
_u2015-6-24
_xTEOLOGIA
_PP35
_0COMPRA
_o.CIRCNOTE. No olvidar cambiar la fecha de devolución!!!!!!!
_o.STAFF. Colección General
980 _81
_gALBERTO SANCHEZ Responsable de Automatización